00704nam a22002057a 450000500170000001000150001702000260003203500140005803700090007208200080008110000220008924500570011125000120016826000480018027000490022830000190027794200220029699900190031895201610033720241218111923.0 aENG-143063 a9789355016539c730.00 aEN-126595 bDBAD a650 aWason, V. 975305 aWasons Textbook Of Business Studies-12/cBy V. Wason aRevised bS. Chand School Books aUttar Pradeshc2023 aD-92, Sector-2, NoidabUttar Pradeshe201301 avpp.c23cm(pb) 2ddccENh656mWAS c207775d207775 001040708NFICaLbLd2024-12-18eDelivery of Books Divisiong730.00l2m1o656 WASpEN-126595r2026-04-08 14:40:51s2026-03-10t1v730.00w2024-12-18yEN